| 000 | 00346nam a2200109Ia 4500 | ||
|---|---|---|---|
| 008 | 171211s9999 xx 000 0 und d | ||
| 245 | _aOpen Innovation: A Multifaceted Perspective (In 2 Parts) | ||
| 245 | _cAnne-Laure Mention and Marko Torkkeli | ||
| 260 | _c2016 | ||
| 650 | _xBUSINESS | ||
| 856 | _uhttp://down.ebook777.com/064/9789814719179.pdf | ||
| 999 |
_c349439 _d349439 |
||